| 000 | 00435nam a22001697a 4500 | ||
|---|---|---|---|
| 003 | OSt | ||
| 005 | 20140717102927.0 | ||
| 008 | 140717s2014 sp ||||| |||| 00| 0 spa d | ||
| 020 | _a9788490600979 | ||
| 040 |
_bcat _cCPC Lleida |
||
| 100 |
_92327 _aRamírez, Pedro José |
||
| 245 | 1 | 3 |
_aLa desventura de la libertad _cPedro José Ramírez |
| 250 | _a2a ed. | ||
| 260 |
_aMadrid _bEsfera _c2014 |
||
| 300 |
_a1165 p. _c25 cm |
||
| 942 | _cMON | ||
| 999 |
_c6748 _d6748 |
||